00719nam a2200157Ia 4500008004100000082002000041100003000061245004100091250000600132260003700138300000800175942001500183952017400198952017400372999001500546150731s2012 xx 000 0 und d a615.53bCH 12 S aSHASHTRI PANDIT KASHINATH aCARAKA SAMHITA- HINDI VYAKHYA BHAG-1 a1 bCHAUKHAMBHA PUB. NEW DELHIc2012 a920 2ddccBK02 00102ddc40708FAaAPLbAPLd2015-09-14eCHAUKHAMBHA PUB. NEW DELHIg450.00h1iSGTUl6o615.53 CH 12 SpFA14r2024-12-20 00:00:00s2024-12-20w2014-09-27yBKkCP/B453 00102ddc40708FAaAPLbAPLd2015-09-14eCHAUKHAMBHA PUB. NEW DELHIg450.00h1iSGTUl2o615.53 CH 12 SpFA15r2020-12-12 00:00:00s2019-05-06w2014-09-27yBKkCP/B453 c7690d7690